000 00556nam a2200205Ia 4500
003 LK-CoDNM
005 20241203123833.0
008 010623t2002 xxu||||| |||| 00| 1 sin d
040 _aLK-CoDNM
_dLK-CoDNM
_eLK-CoDNM
041 _asin
080 _a294.3
_bBUD
100 _aBuddharakkitha Thero, Naramane.
245 _aමහා කාශ්‍යප හාමුදුරුවෝ
246 _aMaha Kashyapa Hamuduruwo
260 _bSrideevi
_aDehiwala
_c2002
300 _b216p. ; 21 cm
650 _a2002
650 _aBuddhism
942 _cBK
999 _c122219
_d122219